NFL Stat Leaders 2024-2025 - Statistics

General Stats
  • This quiz has been taken 763 times
    572 since last reset
  • The average score is 45 of 71
Answer Stats
Passing Touchdowns Player % Correct
1. 36 TDs Joe Burrow
97%
1. 3,977 yds Joe Burrow
97%
6. 25 TDs Josh Allen
97%
T-7. 11 TDs Josh Allen
97%
2. 34 TDs Lamar Jackson
97%
5. 3,580 yds Lamar Jackson
97%
9. 22 TDs Patrick Mahomes
95%
T-6. 11 INTs Patrick Mahomes
95%
T-7. 11 TDs Saquon Barkley
92%
1. 1,688 yds Saquon Barkley
92%
T-2. 13 TDs Derrick Henry
88%
2. 1,474 yds Derrick Henry
88%
1. 15 TDs Jamarr Chase
87%
1. 1,413 yds Jamarr Chase
87%
4. 30 TDs Jared Goff
85%
2. 3,759 yds Jared Goff
85%
1. 14 TDs Jalen Hurts
84%
T-5. 7 TDs Justin Jefferson
82%
2. 1,243 yds Justin Jefferson
82%
3. 10 TDs Amon Ra St Brown
80%
4. 1,056 yds Amon Ra St Brown
80%
3. 32 TDs Baker Mayfield
80%
4. 3,617 yds Baker Mayfield
80%
2. 14 INTs Baker Mayfield
80%
3. 3,623 yds Geno Smith
80%
3. 13 INTs Geno Smith
80%
T-4. 12 TDs Kyren Williams
79%
4. 1,121 yds Kyren Williams
79%
5. 29 TDs Sam Darnold
77%
6. 3,530 yds Sam Darnold
77%
T-6. 11 INTs Sam Darnold
77%
8. 3,463 yds Matthew Stafford
74%
T-7. 11 TDs Jahmyr Gibbs
70%
6. 1,047 yds Jahmyr Gibbs
70%
T-7. 23 TDs Jordan Love
68%
T-6. 11 INTs Jordan Love
68%
T-7. 23 TDs Aaron Rodgers
67%
T-6. 11 INTs Bo Nix
67%
T-4. 12 TDs Josh Jacobs
65%
3. 1,147 yds Josh Jacobs
65%
7. 3,508 yds Kirk Cousins
64%
1. 16 INTs Kirk Cousins
64%
T-3. 11.5 Sacks TJ Watt
64%
T-5. 11.0 Sacks Myles Garrett
63%
5. 1,102 yds Bijan Robinson
56%
T-4. 12 TDs David Montgomery
55%
3. 1,089 yds CeeDee Lamb
53%
1. 12.5 Sacks Trey Hendrickson
51%
T-2. 13 TDs James Cook
50%
4. 9 TDs Mike Evans
49%
T-5. 7 TDs Brian Thomas Jr
48%
8. 968 yds Brock Bowers
47%
T-7. 11 TDs Joe Mixon
46%
2. 11 TDs Terry McLaurin
41%
7. 969 yds Terry McLaurin
41%
T-6. 11 INTs Anthony Richardson
38%
T-5. 7 TDs George Kittle
38%
T-4. 12 INTs Will Levis
37%
T-4. 12 INTs Jameis Winston
35%
5. 1,052 yds Jerry Jeudy
35%
6. 994 yds Jaxon Smith Njigba
31%
7. 1,043 yds Chubba Hubbard
29%
8. 982 yds Tony Pollard
28%
2. 12.0 Sacks Danielle Hunter
24%
T-5. 7 TDs Mark Andrews
23%
T-3. 11.5 Sacks Nik Bonitto
18%
7. 10.5 Sacks Will Anderson Jr
16%
T-5. 11.0 Sacks Jonathan Greenard
10%
T-5. 8 TDs Nick Westbrook Ikhine
8%
T-5. 7 TDs Quentin Johnston
5%
8. 10.0 Sacks Will McDonald IV
5%
No matching quizzes found
Score Distribution
Percent of People with Each Score
Percentile by Number Answered
Your Score History
You have not taken this quiz since the last reset